[Event "Oberliga Bayern 2122"]
[Site "Bayern"]
[Date "2022.04.03"]
[Round "7.8"]
[White "Kues, Manuel"]
[Black "Penn, Peter"]
[Result "1-0"]
[WhiteElo "2027"]
[BlackElo "1909"]
[PlyCount "105"]
[EventDate "2021.10.24"]
[EventType "team-tourn"]
[EventRounds "9"]
[EventCountry "GER"]
[SourceTitle "EXT 2024"]
[Source "ChessBase"]
[SourceDate "2023.10.10"]
[SourceVersion "1"]
[SourceVersionDate "2023.10.10"]
[SourceQuality "1"]
[WhiteTeam "Kareth Lappersdorf"]
[BlackTeam "Trostberg"]
[WhiteTeamCountry "GER"]
[BlackTeamCountry "GER"]

1. e4 e6 2. b3 d5 3. Bb2 dxe4 4. Nc3 Nf6 5. Qe2 Bb4 6. 0-0-0 Bxc3 7. dxc3 Nbd7 8. g4 h6 9. Bg2 Qe7 10. Bxe4 Nxe4 11. Qxe4 Qg5+ 12. f4 Qxg4 13. Nf3 Nf6 14. Qd4 Nd5 15. c4 Qxf4+ 16. Qxf4 Nxf4 17. Bxg7 Rg8 18. Bxh6 Ng6 19. Ng5 Rh8 20. Bg7 Rh4 21. Bf6 Bd7 22. Rhf1 Rxh2 23. Nxf7 Rg2 24. Ng5 a5 25. a4 Re2 26. Bb2 0-0-0 27. Rf6 Rg8 28. Nf3 Rg2 29. Nd4 e5 30. Nf5 Bxf5 31. Rxf5 Re8 32. Re1 e4 33. Rxa5 Kb8 34. Rf5 Kc8 35. Bf6 Kd7 36. Rd5+ Kc6 37. b4 b6 38. Bc3 Nf4 39. Re5 Rh8 40. R5xe4 Rhh2 41. Be5 Rxc2+ 42. Kb1 Nd3 43. Bxh2 Rxh2 44. b5+ Kc5 45. Rd1 Rb2+ 46. Ka1 Rb3 47. Ka2 Rc3 48. Re7 Kb4 49. Rxc7 Nc5 50. Rb1+ Kxc4 51. a5 Kd5 52. axb6 Kd6 53. Rd1+ 1-0

[Event "Oberliga Bayern 2122"]
[Site "Bayern"]
[Date "2021.10.24"]
[Round "1.6"]
[White "Penn, Peter"]
[Black "Kempter, Ronald"]
[Result "0-1"]
[WhiteElo "1903"]
[BlackElo "2195"]
[PlyCount "44"]
[EventDate "2021.10.24"]
[EventType "team-tourn"]
[EventRounds "9"]
[EventCountry "GER"]
[SourceTitle "EXT 2023"]
[Source "ChessBase"]
[SourceDate "2022.10.05"]
[SourceVersion "1"]
[SourceVersionDate "2022.10.05"]
[SourceQuality "1"]
[WhiteTeam "Trostberg"]
[BlackTeam "Groebenzell"]
[WhiteTeamCountry "GER"]
[BlackTeamCountry "GER"]

1. d4 Nf6 2. c4 c5 3. d5 b5 4. cxb5 a6 5. bxa6 g6 6. Nc3 Bxa6 7. Nf3 d6 8. g3 Bg7 9. Bg2 0-0 10. 0-0 Nbd7 11. h3 Nb6 12. Re1 Nfd7 13. Kh2 Ra7 14. e4 Qa8 15. Qc2 Nc4 16. Rd1 Qb7 17. Ne1 Rb8 18. Nd3 Qc7 19. Bf1 Qa5 20. Kg2 Rab7 21. Bd2 Nxd2 22. Rxd2 c4 0-1

[Event "Regionalliga SO 1617"]
[Site "Bayern"]
[Date "2017.03.19"]
[Round "7.8"]
[White "Penn, Peter"]
[Black "Longo, Claudio"]
[Result "0-1"]
[WhiteElo "1897"]
[BlackElo "2025"]
[PlyCount "102"]
[EventDate "2016.10.16"]
[EventType "team-tourn"]
[EventRounds "9"]
[EventCountry "GER"]
[SourceTitle "EXT 2019"]
[Source "ChessBase"]
[SourceDate "2018.10.10"]
[SourceVersion "1"]
[SourceVersionDate "2018.10.10"]
[SourceQuality "1"]
[WhiteTeam "Trostberg"]
[BlackTeam "Graefelfing"]
[WhiteTeamCountry "GER"]
[BlackTeamCountry "GER"]

1. d4 d5 2. c4 e6 3. Nf3 Nf6 4. g3 Nbd7 5. Bg2 c6 6. Qc2 Ne4 7. 0-0 Bd6 8. Nbd2 f5 9. b3 0-0 10. Bb2 Qf6 11. Rad1 g5 12. Ne1 Qh6 13. Nxe4 fxe4 14. f3 Nf6 15. fxe4 Ng4 16. Rxf8+ Kxf8 17. Nf3 Ne3 18. Qd2 Nxd1 19. Qxd1 dxc4 20. Bc1 Be7 21. h4 Bd7 22. hxg5 Qg7 23. Ne5 Rd8 24. Qf1+ Kg8 25. Bh3 Bc8 26. e3 Bxg5 27. Kg2 cxb3 28. axb3 Rf8 29. Qe2 Bh4 30. Qg4 Bf6 31. Nf3 Qxg4 32. Bxg4 Rd8 33. Ba3 b6 34. e5 Bg7 35. Ng5 Rd5 36. Ne4 Ra5 37. Be7 h6 38. Nd6 Bd7 39. Nb7 Rb5 40. b4 c5 41. Nd8 cxb4 42. Be2 b3 43. Bxb5 Bxb5 44. Ba3 Bf8 45. Bb2 Bc4 46. Kf2 a5 47. Nb7 Bb4 48. Nd6 Ba6 49. d5 exd5 50. Nf5 a4 51. Nd4 Bc4 0-1

[Event "Landesliga Sued 1516"]
[Site "Bayern"]
[Date "2016.03.13"]
[Round "8.8"]
[White "Penn, Peter"]
[Black "Rasch, Gerhard"]
[Result "0-1"]
[WhiteElo "1897"]
[BlackElo "2006"]
[PlyCount "90"]
[EventDate "2015.10.11"]
[EventType "team-tourn"]
[EventRounds "9"]
[EventCountry "GER"]
[SourceTitle "EXT 2018"]
[Source "ChessBase"]
[SourceDate "2017.10.13"]
[SourceVersion "1"]
[SourceVersionDate "2017.10.13"]
[SourceQuality "1"]
[WhiteTeam "Trostberg"]
[BlackTeam "Muenchen Tarrasch"]
[WhiteTeamCountry "GER"]
[BlackTeamCountry "GER"]

1. d4 d5 2. c4 c6 3. cxd5 cxd5 4. Nf3 Nc6 5. Bf4 a6 6. Nc3 Nf6 7. h3 Bf5 8. e3 e6 9. a3 Bd6 10. Bxd6 Qxd6 11. Be2 0-0 12. 0-0 h6 13. b4 b5 14. Nd2 Rfc8 15. Rc1 Nd7 16. Nb3 Nb6 17. Nc5 Nc4 18. Ra1 Rcb8 19. Re1 Qd8 20. Bd3 Bxd3 21. Qxd3 a5 22. Na2 Ra7 23. bxa5 Rxa5 24. Nb4 Qc8 25. Reb1 Rba8 26. Nc2 N6e5 27. Qc3 Nd7 28. Nd3 Qc7 29. Rb3 Qd6 30. Qb4 Qa6 31. Qe7 Qc6 32. Qb4 Qc7 33. Rbb1 Nd6 34. Qb3 Nb6 35. Nc5 Nbc4 36. Qb4 Qa7 37. Rb3 Ne8 38. Rbb1 Nc7 39. Rb3 Na6 40. Nxa6 Qxa6 41. Kf1 Ra4 42. Qxb5 Nd2+ 43. Kg1 Nxb3 44. Qxb3 Rc4 45. Nb4 Qa4 0-1

[Event "Landesliga Sued 1516"]
[Site "Bayern"]
[Date "2016.02.21"]
[Round "7.8"]
[White "Schrader, Jan Erik"]
[Black "Penn, Peter"]
[Result "1/2-1/2"]
[WhiteElo "2052"]
[BlackElo "1897"]
[PlyCount "77"]
[EventDate "2015.10.11"]
[EventType "team-tourn"]
[EventRounds "9"]
[EventCountry "GER"]
[SourceTitle "EXT 2018"]
[Source "ChessBase"]
[SourceDate "2017.10.13"]
[SourceVersion "1"]
[SourceVersionDate "2017.10.13"]
[SourceQuality "1"]
[WhiteTeam "Muenchen 36"]
[BlackTeam "Trostberg"]
[WhiteTeamCountry "GER"]
[BlackTeamCountry "GER"]

1. e4 e6 2. d4 d5 3. e5 c5 4. c3 Nc6 5. Nf3 Qb6 6. a3 Bd7 7. b4 cxd4 8. cxd4 Nh6 9. Be3 Nf5 10. Bd3 Be7 11. 0-0 0-0 12. Nc3 Nxe3 13. fxe3 f6 14. exf6 Bxf6 15. Rc1 Be8 16. Na4 Qd8 17. Nc5 Qe7 18. b5 Nd8 19. Qb3 Nf7 20. e4 dxe4 21. Nxe4 Rd8 22. Nxf6+ Qxf6 23. Bc4 Rd6 24. Rce1 Nd8 25. Qe3 Bh5 26. Ng5 Qxd4 27. Qxd4 Rxd4 28. Rxf8+ Kxf8 29. Bxe6 Rd1 30. Nxh7+ Ke7 31. Rxd1 Bxd1 32. Bc4 Kd6 33. Ng5 Bc2 34. Kf2 Kc5 35. Be2 Ba4 36. Ne4+ Kd4 37. Ng5 Kc5 38. Ne4+ Kd4 39. Ng5 1/2-1/2

[Event "Landesliga Sued 1516"]
[Site "Bayern"]
[Date "2016.01.17"]
[Round "5.8"]
[White "Belz, Frank Martin"]
[Black "Penn, Peter"]
[Result "1/2-1/2"]
[WhiteElo "1989"]
[BlackElo "1897"]
[PlyCount "83"]
[EventDate "2015.10.11"]
[EventType "team-tourn"]
[EventRounds "9"]
[EventCountry "GER"]
[SourceTitle "EXT 2018"]
[Source "ChessBase"]
[SourceDate "2017.10.13"]
[SourceVersion "1"]
[SourceVersionDate "2017.10.13"]
[SourceQuality "1"]
[WhiteTeam "Freising"]
[BlackTeam "Trostberg"]
[WhiteTeamCountry "GER"]
[BlackTeamCountry "GER"]

1. Nf3 Nf6 2. c4 c5 3. g3 b6 4. Bg2 Bb7 5. 0-0 e6 6. b3 Be7 7. e3 0-0 8. Qe2 d5 9. Bb2 Nbd7 10. Rd1 Qc7 11. Nc3 e5 12. cxd5 Nxd5 13. Rac1 Nxc3 14. Bxc3 e4 15. Ne1 Bf6 16. d3 exd3 17. Qxd3 Bxg2 18. Nxg2 Rad8 19. Qe2 Bxc3 20. Rxc3 Ne5 21. f4 Rxd1+ 22. Qxd1 Rd8 23. Qe2 Nc6 24. Rd3 Nb4 25. Rd2 Nc6 26. Qd1 Kf8 27. Kf2 Ke7 28. Nh4 Rxd2+ 29. Qxd2 Qd8 30. Nf5+ Kf8 31. Qxd8+ Nxd8 32. Ke2 Nc6 33. a3 g6 34. Nd6 Ke7 35. Ne4 f5 36. Ng5 h6 37. Nf3 Ke6 38. Kd3 Kd5 39. Nd2 b5 40. h3 a6 41. g4 Ne7 42. e4+ 1/2-1/2

[Event "Regionalliga SO 1415"]
[Site "Bayern"]
[Date "2015.01.18"]
[Round "5.8"]
[White "Feldbacher, Harald"]
[Black "Penn, Peter"]
[Result "1/2-1/2"]
[WhiteElo "1973"]
[BlackElo "1897"]
[PlyCount "134"]
[EventDate "2014.10.19"]
[EventType "team-tourn"]
[EventRounds "9"]
[EventCountry "GER"]
[SourceTitle "EXT 2018"]
[Source "ChessBase"]
[SourceDate "2017.10.13"]
[SourceVersion "1"]
[SourceVersionDate "2017.10.13"]
[SourceQuality "1"]
[WhiteTeam "Starnberger See"]
[BlackTeam "Trostberg"]
[WhiteTeamCountry "GER"]
[BlackTeamCountry "GER"]

1. d4 e6 2. Nf3 Nf6 3. c4 b6 4. g3 Bb7 5. Bg2 Be7 6. Nc3 0-0 7. 0-0 Ne4 8. Qc2 Nxc3 9. bxc3 f5 10. Rd1 Be4 11. Qb3 c5 12. d5 exd5 13. cxd5 d6 14. a4 Nd7 15. Ne1 Bxg2 16. Nxg2 Re8 17. Nf4 Qc8 18. c4 Bf6 19. Ra2 Re4 20. f3 Rd4 21. Bb2 Rxd1+ 22. Qxd1 Bxb2 23. Rxb2 Ne5 24. Qc2 Qd7 25. Ne6 g6 26. f4 Ng4 27. Rb5 Re8 28. h3 Ne3 29. Qd3 Rxe6 30. dxe6 Qxe6 31. a5 Nxc4 32. axb6 axb6 33. Rb1 d5 34. Ra1 Ne3 35. Ra7 d4 36. Qa6 Qc6 37. Qb7 Qxb7 38. Rxb7 c4 39. Kf2 c3 40. Ke1 b5 41. Rxb5 c2 42. Kd2 Nf1+ 43. Kxc2 Nxg3 44. Kd3 Nh5 45. Kxd4 Nxf4 46. Ke5 Nh5 47. Rb7 Ng7 48. Kf6 Nh5+ 49. Kg5 Ng3 50. e3 Ne4+ 51. Kh6 Nd6 52. Rb8+ Kf7 53. Kxh7 g5 54. Rb4 Kf6 55. Kh6 Ne4 56. Rb6+ Ke5 57. Kg6 Nf2 58. Kxg5 Nxh3+ 59. Kh4 Nf2 60. Rb4 Ng4 61. e4 Ne3 62. exf5 Nxf5+ 63. Kg5 Nd4 64. Ra4 Ne6+ 65. Kg4 Nd4 66. Ra5+ Ke4 67. Ra4 Ke5 1/2-1/2

[Event "Regionalliga SO 1314"]
[Site "Bayern"]
[Date "2013.11.24"]
[Round "3.7"]
[White "Penn, Peter"]
[Black "Probst, Albert"]
[Result "1/2-1/2"]
[WhiteElo "1897"]
[BlackElo "1928"]
[PlyCount "80"]
[EventDate "2013.10.13"]
[EventType "team-tourn"]
[EventRounds "9"]
[EventCountry "GER"]
[SourceTitle "EXT 2015"]
[Source "ChessBase"]
[SourceDate "2014.11.20"]
[SourceVersion "1"]
[SourceVersionDate "2014.11.20"]
[SourceQuality "1"]
[WhiteTeam "Trostberg"]
[BlackTeam "Bruckmuehl"]
[WhiteTeamCountry "GER"]
[BlackTeamCountry "GER"]

1. d4 g6 2. c4 Bg7 3. Nf3 d6 4. g3 Nf6 5. Bg2 0-0 6. 0-0 Nbd7 7. Nc3 c6 8. Qc2 Qc7 9. Rd1 b5 10. cxb5 cxb5 11. Qb3 a6 12. Ne5 Bb7 13. Nxd7 Qxd7 14. e4 Rfc8 15. h3 Rab8 16. a3 e6 17. Be3 d5 18. e5 Ne8 19. Ne2 Bf8 20. Nc1 Qc7 21. Nd3 Qc4 22. Qa2 Qxa2 23. Rxa2 Rc2 24. Raa1 Rbc8 25. Rac1 Rxc1 26. Rxc1 Rxc1+ 27. Bxc1 Nc7 28. Bd2 Be7 29. Ba5 Ne8 30. Bb6 Ng7 31. g4 Kf8 32. Bc5 Ke8 33. Bxe7 Kxe7 34. Nc5 Bc8 35. Bf1 Ne8 36. f4 Nc7 37. Kf2 Na8 38. Ke3 Nb6 39. b3 Nd7 40. Nxd7 Bxd7 1/2-1/2

[Event "Regionalliga SO 1112"]
[Site "Bayern"]
[Date "2011.12.11"]
[Round "4.7"]
[White "Penn, Peter"]
[Black "Haselbeck, Franz"]
[Result "1-0"]
[WhiteElo "1906"]
[BlackElo "1910"]
[PlyCount "93"]
[EventDate "2011.10.02"]
[EventType "team-tourn"]
[EventRounds "9"]
[EventCountry "GER"]
[SourceTitle "EXT 2013"]
[Source "ChessBase"]
[SourceDate "2012.11.22"]
[SourceVersion "1"]
[SourceVersionDate "2012.11.22"]
[SourceQuality "1"]
[WhiteTeam "Trostberg"]
[BlackTeam "Deggendorf"]
[WhiteTeamCountry "GER"]
[BlackTeamCountry "GER"]

1. d4 Nf6 2. Nf3 e6 3. c4 c5 4. Nc3 cxd4 5. Nxd4 Bb4 6. Qc2 0-0 7. Bg5 h6 8. Bh4 Nc6 9. e3 a6 10. Be2 Ne5 11. Rd1 Ng6 12. Nxe6 Qa5 13. Bxf6 dxe6 14. a3 gxf6 15. axb4 Qxb4 16. 0-0 f5 17. f4 Qc5 18. Rf3 b5 19. cxb5 axb5 20. Bxb5 Bb7 21. Rg3 Kh7 22. Kh1 Rg8 23. Rd7 Ra1+ 24. Rd1 Rga8 25. Bd3 Nh4 26. Qe2 Qc6 27. Bb1 Ng6 28. Qd3 Rc8 29. Qd4 Raa8 30. Qf6 Qe8 31. h4 Qe7 32. Qxe7 Nxe7 33. Rd7 Nd5 34. Rxf7+ Kh8 35. Rxb7 Nxc3 36. bxc3 Rxc3 37. Rg6 Ra1 38. Rxe6 Rc8 39. Kh2 h5 40. Bxf5 Rd8 41. Rh7+ Kg8 42. Reh6 Rdd1 43. Rc7 Rh1+ 44. Kg3 Ra3 45. Re6 Kf8 46. Bg6 Ra8 47. f5 1-0

[Event "Regionalliga SO 1011"]
[Site "Bayern"]
[Date "2010.10.10"]
[Round "1.6"]
[White "Buss, Christof"]
[Black "Penn, Peter"]
[Result "0-1"]
[WhiteElo "2035"]
[BlackElo "1886"]
[PlyCount "54"]
[EventDate "2010.10.10"]
[EventType "team-tourn"]
[EventRounds "9"]
[EventCountry "GER"]
[SourceTitle "EXT 2012"]
[Source "ChessBase"]
[SourceDate "2011.11.24"]
[SourceVersion "1"]
[SourceVersionDate "2011.11.24"]
[SourceQuality "1"]
[WhiteTeam "Unterpfaff Germering"]
[BlackTeam "Trostberg"]
[WhiteTeamCountry "GER"]
[BlackTeamCountry "GER"]

1. c4 Nf6 2. d4 e6 3. Nc3 Bb4 4. Nf3 c5 5. dxc5 Bxc3+ 6. bxc3 Qa5 7. Qc2 Na6 8. e3 Nxc5 9. Bd3 b6 10. Nd4 Nxd3+ 11. Qxd3 Ba6 12. Nb5 Bxb5 13. cxb5 Rc8 14. Bd2 d5 15. f3 Rc4 16. Rb1 0-0 17. 0-0 Rfc8 18. Rb2 h6 19. Be1 R8c5 20. Qb1 Rc8 21. Qd3 Qa3 22. Re2 Qc5 23. Qb1 Ne8 24. Qb3 Nd6 25. a4 Nf5 26. Kh1 Nxe3 27. Bf2 Rxc3 0-1

[Event "Regionalliga SO 0910"]
[Site "Bayern"]
[Date "2009.11.15"]
[Round "2.7"]
[White "Penn, Peter"]
[Black "Hock, Martin"]
[Result "1/2-1/2"]
[WhiteElo "1883"]
[BlackElo "1971"]
[PlyCount "98"]
[EventDate "2009.10.18"]
[EventType "team-tourn"]
[EventRounds "9"]
[EventCountry "GER"]
[SourceTitle "EXT 2011"]
[Source "ChessBase"]
[SourceDate "2010.11.26"]
[SourceVersion "1"]
[SourceVersionDate "2010.11.26"]
[SourceQuality "1"]
[WhiteTeam "Trostberg"]
[BlackTeam "Graefelfing"]
[WhiteTeamCountry "GER"]
[BlackTeamCountry "GER"]

1. d4 Nf6 2. Nf3 g6 3. c4 Bg7 4. g3 0-0 5. Bg2 d6 6. Nc3 Nbd7 7. 0-0 c6 8. Qc2 e5 9. Rd1 Qc7 10. Rb1 Re8 11. dxe5 dxe5 12. b4 Nb6 13. Nd2 Be6 14. c5 Nbd5 15. a3 Nxc3 16. Qxc3 Rad8 17. Bb2 Nd5 18. Qc2 Ne7 19. e4 Rd7 20. Bf1 Red8 21. Nc4 Bg4 22. Be2 Bxe2 23. Qxe2 Nc8 24. Rxd7 Rxd7 25. Rd1 f6 26. Rxd7 Qxd7 27. Qd2 Qxd2 28. Nxd2 b6 29. cxb6 Nxb6 30. Kf1 a6 31. Nb3 Bf8 32. Bc1 Kf7 33. Ke2 Ke6 34. Kd3 Kd6 35. Nc5 a5 36. Nb7+ Kc7 37. Nxa5 c5 38. Bd2 cxb4 39. axb4 Nd7 40. Nc4 Kc6 41. Kc3 f5 42. f3 fxe4 43. fxe4 Kb5 44. Kb3 Nf6 45. Nxe5 Nxe4 46. Be1 Nd6 47. g4 Bg7 48. Nf3 h5 49. gxh5 gxh5 1/2-1/2

[Event "Regionalliga SO 0809"]
[Site "Bayern"]
[Date "2008.11.30"]
[Round "3.7"]
[White "Schwertler, Philipp"]
[Black "Penn, Peter"]
[Result "0-1"]
[WhiteElo "1932"]
[BlackElo "1882"]
[PlyCount "56"]
[EventDate "2008.10.05"]
[EventType "team-tourn"]
[EventRounds "9"]
[EventCountry "GER"]
[SourceTitle "EXT 2020"]
[Source "ChessBase"]
[SourceDate "2019.10.17"]
[SourceVersion "1"]
[SourceVersionDate "2019.10.17"]
[SourceQuality "1"]
[WhiteTeam "Ilmmuenster"]
[BlackTeam "Trostberg"]
[WhiteTeamCountry "GER"]
[BlackTeamCountry "GER"]

1. d4 Nf6 2. c4 e6 3. Nc3 Bb4 4. Nf3 0-0 5. Bg5 h6 6. Bh4 g5 7. Nxg5 hxg5 8. Bxg5 d5 9. e3 Kg7 10. Qf3 Rh8 11. h4 Be7 12. Bxf6+ Bxf6 13. cxd5 Rxh4 14. Rxh4 Bxh4 15. 0-0-0 Qf6 16. Qg4+ Qg5 17. Qe2 exd5 18. g3 Bxg3 19. f4 Bxf4 20. Nxd5 Qxd5 21. exf4 Nc6 22. Bg2 Nxd4 23. Qe3 Qc5+ 24. Kd2 Bf5 25. Qg3+ Bg6 26. Be4 Nf5 27. Bxf5 Qxf5 28. Qc3+ Qf6 0-1

[Event "Regionalliga SO 0607"]
[Site "Bayern"]
[Date "2007.04.01"]
[Round "8.7"]
[White "Wolf, Dietrich Hans"]
[Black "Penn, Peter"]
[Result "1-0"]
[WhiteElo "1972"]
[BlackElo "1880"]
[PlyCount "60"]
[EventDate "2006.10.15"]
[EventType "team-tourn"]
[EventRounds "9"]
[EventCountry "GER"]
[SourceTitle "EXT 2008"]
[Source "ChessBase"]
[SourceDate "2007.11.25"]
[SourceVersion "1"]
[SourceVersionDate "2007.11.25"]
[SourceQuality "1"]
[WhiteTeam "Freising"]
[BlackTeam "Trostberg"]
[WhiteTeamCountry "GER"]
[BlackTeamCountry "GER"]

1. e4 e6 2. d4 d5 3. Nc3 Bb4 4. e5 c5 5. a3 Bxc3+ 6. bxc3 Ne7 7. Bd3 Nbc6 8. Nf3 Qc7 9. 0-0 c4 10. Be2 Bd7 11. a4 f6 12. exf6 gxf6 13. Re1 0-0-0 14. Bf1 e5 15. dxe5 fxe5 16. Bg5 Bg4 17. Be2 Rhg8 18. Bh4 Bf5 19. Qd2 Qd6 20. Bg3 Ng6 21. Nd4 Qf6 22. Nxc6 Qxc6 23. Bh5 Rge8 24. Bxg6 Qxg6 25. Bxe5 Bxc2 26. a5 Bd3 27. Qe3 Be4 28. Bg3 d4 29. Qf4 Qc6 30. f3 Bd3 1-0

[Event "Regionalliga SO 0304"]
[Site "Bayern"]
[Date "2004.01.18"]
[Round "5.6"]
[White "Heimann, Helmut"]
[Black "Penn, Peter"]
[Result "1-0"]
[WhiteElo "1961"]
[BlackElo "1921"]
[PlyCount "113"]
[EventDate "2003.10.??"]
[EventType "team"]
[EventRounds "9"]
[EventCountry "GER"]
[SourceTitle "EXT 2006"]
[Source "ChessBase"]
[SourceDate "2005.11.24"]
[SourceVersion "1"]
[SourceVersionDate "2005.11.24"]
[SourceQuality "1"]
[WhiteTeam "Fuerstenfeldbruck"]
[BlackTeam "Trostberg"]
[WhiteTeamCountry "GER"]
[BlackTeamCountry "GER"]

1. e4 e6 2. d4 d5 3. e5 c5 4. c3 Nc6 5. Nf3 Qb6 6. a3 cxd4 7. cxd4 a5 8. Nc3 Bd7 9. Na4 Qc7 10. Nc3 Qb6 11. Na4 Qc7 12. Be3 Nge7 13. Rc1 Nf5 14. Bd3 Be7 15. Nc3 g6 16. 0-0 h5 17. Kh1 h4 18. Nb5 Qb6 19. Qb3 Kf8 20. Qc2 Rc8 21. Qd2 Kg7 22. Bxf5 exf5 23. Nc3 Be6 24. Na4 Qd8 25. Rc2 Rh5 26. Rfc1 g5 27. Qd1 f4 28. Bd2 g4 29. Ng1 Nxd4 30. Rxc8 Bxc8 31. Bxf4 Nc6 32. Qc2 Bg5 33. Ne2 Bxf4 34. Nxf4 Rxe5 35. Nc5 Qf6 36. Ncd3 Rf5 37. g3 hxg3 38. fxg3 Bd7 39. Nc5 Nd4 40. Nxd7 Nxc2 41. Nxf6 Kxf6 42. Rxc2 d4 43. Kg2 Rb5 44. Kf2 Kf5 45. Re2 Rb3 46. Ke1 a4 47. Nd5 Rb5 48. Nb4 f6 49. Kd2 Rb6 50. Kd3 Rd6 51. Nc2 Kg5 52. Nxd4 Kg6 53. Kc4 Kg5 54. Kc5 Rd7 55. Rf2 Re7 56. Kb5 Kg6 57. Kxa4 1-0

[Event "Regionalliga SO 0203"]
[Site "Bayern"]
[Date "2003.02.23"]
[Round "7.4"]
[White "Baier, Herbert"]
[Black "Penn, Peter"]
[Result "1-0"]
[WhiteElo "1990"]
[BlackElo "1938"]
[PlyCount "55"]
[EventDate "2002.10.20"]
[EventType "team"]
[EventRounds "9"]
[EventCountry "GER"]
[SourceTitle "EXT 2004"]
[Source "ChessBase"]
[SourceDate "2003.11.25"]
[SourceVersion "1"]
[SourceVersionDate "2003.11.25"]
[SourceQuality "1"]
[WhiteTeam "Fuerstenfeldbruck"]
[BlackTeam "Trostberg"]
[WhiteTeamCountry "GER"]
[BlackTeamCountry "GER"]

1. e4 e6 2. d4 d5 3. e5 c5 4. c3 Nc6 5. Nf3 Qb6 6. Be2 cxd4 7. cxd4 Nh6 8. Nc3 Nf5 9. Na4 Bb4+ 10. Bd2 Qa5 11. Bc3 Bd7 12. a3 Bxc3+ 13. Nxc3 h5 14. b4 Qd8 15. Rc1 h4 16. Qd2 Rc8 17. 0-0 Rg8 18. g4 hxg3 19. fxg3 Rh8 20. g4 Nh4 21. Nb5 Nxf3+ 22. Rxf3 Nxe5 23. Nd6+ Kf8 24. dxe5 Rxc1+ 25. Qxc1 f6 26. exf6 gxf6 27. Nxb7 Qb8 28. Qf4 1-0

[Event "Regionalliga SO 0203"]
[Site "Bayern"]
[Date "2003.02.09"]
[Round "6.6"]
[White "Penn, Peter"]
[Black "Kranewitter, Norbert"]
[Result "1/2-1/2"]
[WhiteElo "1938"]
[BlackElo "1981"]
[PlyCount "41"]
[EventDate "2002.10.20"]
[EventType "team"]
[EventRounds "9"]
[EventCountry "GER"]
[SourceTitle "EXT 2004"]
[Source "ChessBase"]
[SourceDate "2003.11.25"]
[SourceVersion "1"]
[SourceVersionDate "2003.11.25"]
[SourceQuality "1"]
[WhiteTeam "Trostberg"]
[BlackTeam "Vogtareuth"]
[WhiteTeamCountry "GER"]
[BlackTeamCountry "GER"]

1. d4 d5 2. Nf3 Nf6 3. c4 c6 4. e3 e6 5. Nc3 Nbd7 6. Qc2 Bd6 7. Bd3 0-0 8. 0-0 dxc4 9. Bxc4 e5 10. dxe5 Nxe5 11. Nxe5 Bxe5 12. f4 Bxc3 13. bxc3 Qe7 14. Bd3 Re8 15. a4 b6 16. a5 Bb7 17. axb6 axb6 18. Rb1 Qc5 19. Kh1 Ba6 20. c4 Rad8 21. Re1 1/2-1/2